Guaraníes I : Iwi (la tierra) /
Damos cuenta del camino recorrido por el pueblo guaraní de origen agricultor -desde la ocupación en la región del Gran Chaco hasta su ubicación actual-, de la migración forzada por la Guerra del Chaco y de la necesidad de trabajar en los ingenios azucareros.
Guardado en:
| Autor Principal: | |
|---|---|
| Autor Corporativo: | |
| Formato: | |
| Publicado: |
Argentina,
2008
|
| Series: | Pueblos Originarios II
|
| Materias: | |
| Etiquetas: |
Agregar Etiqueta
Sin Etiquetas, Sea el primero en etiquetar este registro!
|
| LEADER | 01069ngm a22002895g 4500 | ||
|---|---|---|---|
| 001 | CEM.cems024010 | ||
| 008 | 130507s2008##################0###0#####d | ||
| 005 | 20250805161346.0 | ||
| 245 | 1 | 0 | |a Guaraníes I : |b Iwi (la tierra) / |c Julián Rousso. |
| 260 | |a Argentina, |c 2008 | ||
| 300 | |a 28'. | ||
| 490 | 0 | |a Pueblos Originarios II | |
| 538 | |a Soporte: DVD - Grabación DRD | ||
| 520 | |a Damos cuenta del camino recorrido por el pueblo guaraní de origen agricultor -desde la ocupación en la región del Gran Chaco hasta su ubicación actual-, de la migración forzada por la Guerra del Chaco y de la necesidad de trabajar en los ingenios azucareros. | ||
| 500 | |a Consultar en ventanilla. | ||
| 100 | 1 | |a Rousso, Julián | |
| 710 | 2 | |a Canal Encuentro. | |
| 082 | 3 | 0 | |/ ROU-2 |
| 653 | |a SOCIEDA | ||
| 653 | |a PUEBLOS ORIGINARIOS | ||
| 653 | |a ABORIGENES | ||
| 653 | |a INDIGENAS | ||
| 653 | |a INDIGENISMO | ||
| 653 | |a ETNIAS | ||
| 653 | |a GUARANIES | ||
| 653 | |a SERIE DE TELEVISIÓN | ||
| 859 | |a CEMS |b BIB. CEMS - Depto. Recursos Didacticos |h 301 |i ROU-2 |k DRD |p 2653.16 |t Ej.1 | ||
